Gender of Names 2 - Statistics

General Stats
  • This quiz has been taken 16 times
  • The average score is 10 of 15
Answer Stats
Question Answer % Correct
Peter Male
100%
Jackie Female
85%
Saoirse Female
85%
Emine Female
85%
Szabolcs Male
85%
Euclides Male
85%
Chantal Female
77%
Liting Female
77%
Husna Female
77%
Radu Male
77%
Efren Male
46%
Phuong Female
38%
Aino Female
38%
Shaikh Male
38%
Madhu Female
31%
No matching quizzes found
Score Distribution
Percent of People with Each Score
Percentile by Number Answered
Your Score History
You have not taken this quiz